000 00791nam a2200241Ia 4500
003 OSt
005 20220923221120.0
006 a|||||r|||| 00| 0
007 ta
008 220922b |||||||| |||| 00| 0 hin d
024 _a195,353
037 _cTextual
040 _aARTS
_cARTS
_bhin
041 _2hin
_ahin
082 _aR3xC57,2, 152M2
100 _aजैन, प्रद्युन्न कुमार, संपा.
_9165102
245 0 _aमृत्यु बोध
246 _aMṛutyu bodha
260 _aकानपुर
_b प्रज्ञा प्रका0
_c1982
300 _a95पृ.
_ccm.
942 _hR3xC57,2, 152M2
_cTEXL
_2CC
999 _c347563
_d347563